The law of restitution. / (Record no. 5459)

MARC details
000 -LEADER
fixed length control field 00884nam a22001697a 4500
008 - FIXED-LENGTH DATA ELEMENTS--GENERAL INFORMATION
fixed length control field 150430b xxu||||| |||| 00| 0 eng d
020 ## - INTERNATIONAL STANDARD BOOK NUMBER
International Standard Book Number 0406932441
050 ## - LIBRARY OF CONGRESS CALL NUMBER
Classification number KD1924.B87
100 ## - MAIN ENTRY--PERSONAL NAME
Personal name Burrows, Andrew
245 ## - TITLE STATEMENT
Title The law of restitution. /
Statement of responsibility, etc. Andrew Burrows
250 ## - EDITION STATEMENT
Edition statement 2nd ed.
260 ## - PUBLICATION, DISTRIBUTION, ETC.
Place of publication, distribution, etc. U.K:
Name of publisher, distributor, etc. Butterworth,
Date of publication, distribution, etc. c2002.
300 ## - PHYSICAL DESCRIPTION
Extent lix, 639p.
Dimensions 23cm.
500 ## - GENERAL NOTE
General note includes index
505 ## - FORMATTED CONTENTS NOTE
Formatted contents note Contents: Fundamental ideas -- Tracing and subrogation -- Mistake -- Ignorance -- Duress -- Undue influence -- Exploitation of weakness -- Legal compulsory discharge of another's legal liability -- Necessity -- Failure of consideration -- Incapacity as a ground for restitution -- Illegality as a ground for restitution -- Ultra vires demands by public authorities -- Restitution for wrongs -- Defences -- Miscellaneous issues: agency and the conflict of laws.
942 ## - ADDED ENTRY ELEMENTS (KOHA)
Source of classification or shelving scheme Library of Congress Classification
Koha item type Books
Holdings
Withdrawn status Lost status Source of classification or shelving scheme Damaged status Not for loan Home library Current library Shelving location Date acquired Total Checkouts Full call number Barcode Date last seen Price effective from Koha item type
    Library of Congress Classification     WISCONSIN INTERNATIONAL UNIVERSITY COLLEGE, GHANA - MAIN LIBRARY WISCONSIN INTERNATIONAL UNIVERSITY COLLEGE, GHANA - MAIN LIBRARY Law Library 30/04/2015   KD1924.B87 088/15 30/04/2015 30/04/2015 Books

If you have any concerns or questions; kindly contact the library


© Powered by WIUC ICT DIRECTORATE